Novella gyüjtemény
Správa o vydaní zbierky 18 noviel Viliama (Vilmos) Gaála, redaktora Szepesi Lapok pod názvom Ború-derű. Cena publikácie 2 koruny, objednávky prijíma vydavateľstvo Szepesi Lapok v Spišskej Novej Vsi
| Médium: | Článok |
|---|---|
| Jazyk: | Hungarian |
| Témy: | |
| Zdroj: |
1. Sajó-Vidék : Vegyestartalmú hetilap 1. Roč. 15, č. 43 (24.10.1912) s. 4 |
| LEADER | 01040nab#a2200289#ar4500 | ||
|---|---|---|---|
| 001 | 000073585 | ||
| 003 | SVKKK | ||
| 005 | 19971002xxxxxxx. | ||
| 008 | 06 c xo huno | ||
| FMT | |||
| 038 | |a SVKKK | ||
| 040 | |a SVKKK |b slo |e AACR2 | ||
| 041 | 0 | |a hun | |
| 044 | |a xo |c SK | ||
| 080 | |a 894.511(437.6)-3 | ||
| 242 | 1 | 0 | |a Zbierka noviel |
| 245 | 0 | 0 | |a Novella gyüjtemény |
| 520 | 2 | |a Správa o vydaní zbierky 18 noviel Viliama (Vilmos) Gaála, redaktora Szepesi Lapok pod názvom Ború-derű. Cena publikácie 2 koruny, objednávky prijíma vydavateľstvo Szepesi Lapok v Spišskej Novej Vsi | |
| 650 | 0 | 4 | |a Gaál, Viliam (novinár) - Spišská Nová Ves - Szepesi Lapok (týždenník) - spoluredaktor (funkcia) - pôsobenie - október 1912 - Ború-derű (zbierka noviel) - vydanie - správa |
| 773 | 0 | |t Sajó-Vidék : Vegyestartalmú hetilap |g Roč. 15, č. 43 (24.10.1912) s. 4 | |
| 957 | |a Spišská Nová Ves | ||
| 958 | |a DG | ||
| 958 | |a SK | ||
| 974 | |a ebl |d 19971002 | ||
| 992 | |a RBX | ||
| BAS | |||
| 998 | |a RETRO | ||